| 000 | 00519nam a2200193Ia 4500 | ||
|---|---|---|---|
| 005 | 20250326145538.0 | ||
| 008 | 250326s9999 xx 000 0 und d | ||
| 037 | _aTextbook | ||
| 040 |
_aFMSL _beng _cFMSL |
||
| 041 |
_aeng _2eng |
||
| 084 |
_aX:72 Q;4 _qFMSL |
||
| 100 |
_aRANGARAJAN _9507351 |
||
| 245 | 0 |
_aPrincipal of macroeconomics _cRangarajan; Dholakiya |
|
| 260 |
_aindia _bindia, India _c2016 |
||
| 365 | _b1940 | ||
| 650 | _aManagement | ||
| 942 |
_cTB _hX:72 Q;4 |
||
| 999 |
_c1307947 _d1307947 |
||